Statistics for Motley Crue Albums on the Billboard 200 Chart (USA)

Click here to take the quiz!

General Stats

  • This quiz has been taken 14 times
  • The average score is 8 of 15

Answer Stats

Highest Chart Position, Year Album Title % Correct
2, 1987Girls, Girls, Girls
100%
1, 1989Dr. Feelgood
92%
6, 1985Theatre of Pain
75%
17, 1984Shout at the Devil
58%
77, 1984Too Fast For Love
58%
4, 1997Generation Swine
50%
4, 2008Saints of Los Angeles
50%
2, 1991Decade of Decadence
42%
7, 1994Motley Crue
42%
20, 1998Greatest Hits
42%
41, 2000New Tattoo
42%
10, 2019The Dirt
33%
133, 1999Live: Entertainment or Death
25%
7, 2005Red, White & Crue
8%

Score Distribution

Percentile by Number Answered

Percent of People with Each Score

Your Score History

You have not taken this quiz